| 000 | 01404cam a2200313 a 4500 | ||
|---|---|---|---|
| 001 | 11878709 | ||
| 003 | NUST-PNEC | ||
| 005 | 20170116180834.0 | ||
| 008 | 000103s2001 nyua b 001 0 eng | ||
| 010 | _a 00020031 | ||
| 020 | _a019513477X | ||
| 040 |
_aDLC _cLIBRARY _dDLC |
||
| 050 | 0 | 0 |
_aQC760 _b.S23 2001 |
| 082 | 0 | 0 | _a537 SAD |
| 100 | 1 | _aSadiku, Matthew N. O. | |
| 245 | 1 | 0 |
_aElements of electromagnetics _cMatthew N.O. Sadiku. |
| 250 | _a3rd ed. | ||
| 260 |
_aNew York : _bOxford University Press, _cc2001. |
||
| 300 |
_axvi,765 p. : _bill. (some col.) ; _c24 cm. |
||
| 440 | 0 | _aOxford series in electrical and computer engineering | |
| 500 | _aIncludes index. http://www.amazon.com/Elements-Electromagnetics-Electrical-Computer-Engineering/dp/019513477X/ref=sr_1_1?s=books&ie=UTF8&qid=1399887424&sr=1-1&keywords=019513477X | ||
| 504 | _aIncludes bibliographical references and index. | ||
| 650 | 0 |
_aElectromagnetism. _xEE, EL |
|
| 856 | 4 | 2 |
_3Publisher description _uhttp://www.loc.gov/catdir/enhancements/fy0609/00020031-d.html |
| 856 | 4 | 1 |
_3Table of contents only _uhttp://www.loc.gov/catdir/enhancements/fy0609/00020031-t.html |
| 906 |
_a7 _bcbc _corignew _d1 _eocip _f20 _gy-gencatlg |
||
| 942 |
_2ddc _cBK |
||
| 999 |
_c64137 _d64137 |
||